Fuels and engines : (Record no. 68973)

000 -LEADER
fixed length control field 01350cam a2200349 a 4500
001 - CONTROL NUMBER
control field 11895193
003 - CONTROL NUMBER IDENTIFIER
control field NUST - PNEC
005 - DATE AND TIME OF LATEST TRANSACTION
control field 20170116181107.0
008 - FIXED-LENGTH DATA ELEMENTS--GENERAL INFORMATION
fixed length control field 000112s1999 fr a b 001 0 eng
010 ## - LIBRARY OF CONGRESS CONTROL NUMBER
LC control number 00295175
020 ## - INTERNATIONAL STANDARD BOOK NUMBER
International Standard Book Number 271080753X (vol. 1)
020 ## - INTERNATIONAL STANDARD BOOK NUMBER
International Standard Book Number 2710807548 (vol. 2)
020 ## - INTERNATIONAL STANDARD BOOK NUMBER
International Standard Book Number 2710807513 (éd. complète)
035 ## - SYSTEM CONTROL NUMBER
System control number (OCoLC)ocm43263535
040 ## - CATALOGING SOURCE
Original cataloging agency FAS
Transcribing agency LIBRARY
Modifying agency DLC
041 1# - LANGUAGE CODE
Language code of text/sound track or separate title eng
Language code of original fre
050 00 - LIBRARY OF CONGRESS CALL NUMBER
Classification number TP343
Item number .G8413 1999
082 00 - DEWEY DECIMAL CLASSIFICATION NUMBER
Classification number 665 GUI
100 1# - MAIN ENTRY--PERSONAL NAME
Personal name Guibet, Jean-Claude.
240 10 - UNIFORM TITLE
Uniform title Carburants et moteurs.
Language of a work English
245 10 - TITLE STATEMENT
Title Fuels and engines :
Remainder of title technology, energy, environment /
Statement of responsibility, etc. Jean-Claude Guibet, Emmanuelle Faure-Birchem ; foreword by Raymond H. Lévy ; translated from the french by Frank Carr.
250 ## - EDITION STATEMENT
Edition statement Rev. ed.
260 ## - PUBLICATION, DISTRIBUTION, ETC.
Place of publication, distribution, etc. Paris :
Name of publisher, distributor, etc. Éditions Technip,
Date of publication, distribution, etc. 1999.
300 ## - PHYSICAL DESCRIPTION
Extent 2 v. (xxxvi, xli, 786 p., [8] p. de pl.) :
Other physical details ill. ;
Dimensions 25 cm.
440 #0 - SERIES STATEMENT/ADDED ENTRY--TITLE
Title Publications de l'Institut français du pétrole
504 ## - BIBLIOGRAPHY, ETC. NOTE
Bibliography, etc. note Includes bibliographical references (p. [387]-[401] and index.
650 #0 - SUBJECT ADDED ENTRY--TOPICAL TERM
Topical term or geographic name entry element Motor fuels.
General subdivision ME
700 1# - ADDED ENTRY--PERSONAL NAME
Personal name Faure-Birchem, Emmanuelle.
906 ## - LOCAL DATA ELEMENT F, LDF (RLIN)
a 7
b cbc
c origres
d 2
e ncip
f 20
g y-gencatlg
942 ## - ADDED ENTRY ELEMENTS (KOHA)
Source of classification or shelving scheme
Koha item type Book
Holdings
Withdrawn status Lost status Source of classification or shelving scheme Damaged status Not for loan Permanent Location Current Location Shelving location Date acquired Total Checkouts Full call number Barcode Date last seen Price effective from Koha item type
          Pakistan Navy Engineering College (PNEC) Pakistan Navy Engineering College (PNEC)       665 GUI PNECLIB-026577 10/03/2015   Book
          Pakistan Navy Engineering College (PNEC) Pakistan Navy Engineering College (PNEC)       665 GUI PNECLIB-026576 10/06/2015   Book
© 2023 Central Library, National University of Sciences and Technology. All Rights Reserved.